|
|
|
|
| LEADER |
00000cam a2200000 7i4500 |
| 001 |
0000004894 |
| 005 |
20170109093000.0 |
| 008 |
021118n |
| 020 |
|
|
|a 0070991952
|
| 050 |
0 |
0 |
|a HD8700.67
|b .A84
|
| 090 |
0 |
0 |
|a HD8700.67
|b .A84 1990
|
| 100 |
0 |
|
|a Anantaraman, Venkatraman ,
|e author
|
| 245 |
0 |
0 |
|a Singapore industrial relation system
|c Ventaraman Anantaraman
|
| 260 |
2 |
|
|a Singapore :
|b Singapore Institute of Management ;
|a New York :
|b McGraw-Hill ,
|c 1990
|
| 300 |
|
|
|a x, 218 p. ; ;
|c 22 cm.
|
| 504 |
|
|
|a Includes bibliographical references and indexes
|
| 650 |
|
0 |
|a Industrial relations
|z Singapore
|
| 999 |
|
|
|a 1000012005
|b Book
|c OPEN SHELF (30 DAYS)
|e Gong Badak Campus
|